000 00363 a2200169 4500
001 190163
020 _a85-02-02232-6
040 _cMagnum
100 _aLinsingen, Luana Von
240 1 0 _aA casa de hans kunst
_lpor
245 1 0 _aA casa de hans kunst
300 _a79
362 0 _a1998
440 1 _aSaraiva
697 _aLITERATURA JUVENIL
942 _cBK
999 _c190163
_d190163